Introductory Paper 1 Recording Financial Transactions (International Stream): Practice and Revision Kit for Exams in 2008 (Record no. 5553)

MARC details
005 - DATE AND TIME OF LATEST TRANSACTION
control field 20250627083647.0
020 ## - INTERNATIONAL STANDARD BOOK NUMBER
International Standard Book Number 978-0-7517-4816-1
082 ## - DEWEY DECIMAL CLASSIFICATION NUMBER
Classification number 650 CAT
111 ## - MAIN ENTRY--MEETING NAME
Meeting name or jurisdiction name as entry element CAT
245 ## - TITLE STATEMENT
Title Introductory Paper 1 Recording Financial Transactions (International Stream): Practice and Revision Kit for Exams in 2008
250 ## - EDITION STATEMENT
Edition statement 5th Ed.
260 ## - PUBLICATION, DISTRIBUTION, ETC.
Place of publication, distribution, etc. London,
Name of publisher, distributor, etc. BPP Learning Media Ltd ,
Date of publication, distribution, etc. 2008.
300 ## - PHYSICAL DESCRIPTION
Extent xxviii, 100p.: ill.; picture,
Dimensions 29cm.
942 ## - ADDED ENTRY ELEMENTS (KOHA)
Source of classification or shelving scheme Dewey Decimal Classification
Koha item type Books
Holdings
Date last seen Total checkouts Full call number Barcode Cost, replacement price Price effective from Koha item type Lost status Source of classification or shelving scheme Damaged status Not for loan Withdrawn status Home library Current library Shelving location Date acquired Source of acquisition Cost, normal purchase price
06/27/2025   650 CAT MZA0001978 60000.00 06/27/2025 Books   Dewey Decimal Classification       CBE Mwanza CBE Mwanza General Collection 07/17/2012 Library Budget 2008.00